00806nam a2200229 a 450000100100000000500170001000800410002702000150006804000250008308200180010810000350012624500460016126000530020730000330026050000720029365000140036565000240037965000250040304900090042895201220043799900170055900002396920260114124842.0110117s1999 sp a 000 0 spa d a8479533137 aDO-SdBNPbspacBNPHU a181.45bC157g1 aCalle, Ramiro A.d1943-94930310aEl gran libro de yoga /cRamiro A. Calle. aBarcelona, (España) :bEdiciones Urano,c1999. a250, [4] p. :bil. ;c23 cm. aIncluye datos biográfico del autor en solapa de la contracubierta 4aYoga9685 0aMeditaciones 95988 0aMente y cuerpo92740 aBNGR 001054708MOaGRbGRcCTd2011-01-17iLF1l0o181.45 C157gp23969-10r2020-06-25w2020-06-25y4ZPréstamo en sala c23464d23464